000 00806nam a22002057a 4500
999 _c17427
_d17427
008 190212b xxu||||| |||| 00| 0 eng d
040 _aKABU
_cKABU
050 _aK212
_b.R66 2017 c. 1
100 _aRonoh, Lamek Kiprutto
245 _aInvestigating selected egocentric users on social media platforms using social network analysis in mining forensic evidence for law enforcement in Kenya
_cLamek Kiprutto Ronoh
250 _a1st ed.
260 _aKabarak, Nakuru, Kenya
_bKabarak University
_c2017
300 _axv, 195 p.
_eCD-ROM
650 _aLaw
_vMethodology
_xData processing
650 _aInformation storage and retrieval systems
_xLaw
650 _aElectronic evidence
700 _aRabah, Kefa
_cProfessor
700 _aKarie, Nickson Menza
_cDoctor
942 _2lcc
_cTHE
_e1st
_hK212
_kThe